000 00426nam a2200181Ia 4500
001 12184
005 20260306162922.0
008 260306t2023||||xx |||||||||||||| ||spa||
041 _aESP
082 _aHR 346.2
_bT. 9 JUL-DIC 2023 GF
110 _aGaceta Jurídica
245 0 _aGaceta de familia
260 _c2023
300 _a184 páginas :
_c25 cm.
650 _aGEN
654 _aCDE
942 _cREV
_dJUS
_fJUS
_2ddc
_n
999 _c12184
_d12184